| 000 | 00526nam a22001695i 4500 | ||
|---|---|---|---|
| 001 | 162905 | ||
| 003 | ES-MaACL | ||
| 005 | 20230906212628.0 | ||
| 008 | 011016s1884 it |||| | ita d | ||
| 040 |
_aCAM _bspa _cCAM |
||
| 100 | 1 |
_aRajna, Pio. _9131570 |
|
| 245 | 1 | 3 |
_aLe origini dell'epopea francese / _cindagate da Pio Rajna. |
| 260 |
_aFirenze : _bG.C. Sansoni editore, _c1884 ( _fTip. Carnesecchi) |
||
| 300 |
_aXIII, 550 p. ; _c23 cm. |
||
| 752 |
_aItalia - _dFlorencia |
||
| 852 |
_aES-MaACL _jB-1259 _z-- Enc. pasta |
||
| 999 |
_c162905 _d162905 |
||